000 01118nam a2200313 i 4500
001 69760
003 Mx-PuUPA
005 20241023084931.0
008 220620s2016 sp a|||gr|||| 00| 0 spa d
017 _aM-16.798-2016
020 _a9788430968954
040 _aMx-PuUPA
_bspa
_cMx-PuUPA
_dMx-PuUPA
_erda
041 0 _aspa
100 1 _aNietzsche, Friedrich Wilhelm,
_d1844-1900
_eautor
_97860
245 1 3 _aLa gaya ciencia /
_cFriedrich Nietzsche ; edición, traducción y notas de Juan Luis Vermal
250 _a1a. edición
264 1 _aMadrid :
_bEditorial Tecnos,
_c2016
300 _a334 páginas :
_bilustraciones ;
_c21 cm
336 _2rdacontent
_atexto
_btxt
337 _2rdamedia
_asin medio
_bn
338 _2rdacarrier
_avolumen
_bnc
490 0 _aLos esenciales de la filosofía
_aBiblioteca Nietzsche
650 7 _2armarc
_aFilosofía
700 1 _aVermal, Juan Luis,
_eeditor
_etraductor
_eautor de notas
942 _2ddc
_cLI
_h193
_iN665
999 _c69760
_d69760